Nicolas Cage Movies Quiz Stats

 Plays Quiz Updated Jan 4, 2021

Support Sporcle.
Go Orange.
Score 0/96 Timer 09:00
2 Plays Today
Year Movie Title % Correct
2004National Treasure
81.4%
2007National Treasure: Book of Secrets
77%
1997Face Off
69%
2007Ghost Rider
69%
2011Ghost Rider: Spirit of Vengeance
68.9%
1997Con Air
68.6%
2000Gone in 60 Seconds
64.7%
2018Spider-Man: Into the Spider-Verse
59.3%
1996The Rock
57%
2020The Croods: A New Age
52.4%
1995Leaving Las Vegas
49.9%
1987Raising Arizona
47.5%
2001Captain Corelli's Mandolin
39.7%
2002Adaptation
38.4%
2005Lord of War
37.1%
2013The Croods
36.7%
2018Mandy
34.8%
2006The Wicker Man
34.2%
2000The Family Man
33.7%
2005The Weather Man
33.6%
1998Snake Eyes
33%
2003Matchstick Men
29.8%
2014Joe
29.7%
2001Christmas Carol: the Movie
28.8%
2007Next
28.3%
1982Fast Times At Ridgemont High
28%
19998mm
28%
1987Moonstruck
27.9%
2002Windtalkers
26.3%
2009Knowing
24.9%
2014Left Behind
24.7%
2008Bangkok Dangerous
23.6%
Year Movie Title % Correct
1998City of Angels
23.4%
2010The Sorcerer's Apprentice
23.3%
2018Teen Titans Go! To the Movies
22.1%
2017Mom and Dad
22.1%
2019Color Out of Space
21.5%
2010Kick-Ass
20.7%
1986Peggy Sue Got Married
20.4%
1992Honeymoon in Vegas
18.8%
2020Jiu Jitsu
18.1%
2006World Trade Center
17.9%
1994It Could Happen to You
16.7%
1983Valley Girl
16.4%
2011Trespass
16.3%
2013The Frozen Ground
16.2%
2016Snowden
15.7%
1990Wild At Heart
15.6%
2012Stolen
15.5%
2009Bad Lieutenant: Port of Call New Orleans
15.4%
2007Grindhouse
15.3%
2016Dog Eat Dog
14.6%
1993Amos and Andrew
14.6%
2019Primal
14.5%
2016USS Indianapolis: Men of Courage
14.3%
2014Rage
14.2%
1989Vampire's Kiss
14.1%
2015Pay the Ghost
14.1%
2018211
14%
2011Drive Angry 3D
13.4%
2011Season of the Witch
13.1%
1999Bringing Out the Dead
12.7%
2016Army of One
12.6%
2016The Trust
12.2%
Year Movie Title % Correct
2011Seeking Justice
12.1%
2017Arsenal
11.7%
2019Grand Isle
11.6%
1994Guarding Tess
11.5%
2015The Runner
11.3%
2019A Score to Settle
11.2%
2019Running with the Devil
10.8%
2017The Humanity Bureau
10.7%
2017Inconceivable
10.7%
2014Dying of the Light
10.6%
2019Kill Chain
10.6%
2018Between Worlds
10.6%
1983Rumble Fish
10.6%
2017Looking Glass
10.5%
2006The Ant Bully
10%
2009G-Force
10%
2017Vengeance: A Love Story
10%
2009Astro Boy
9.9%
1995Kiss of Death
9.6%
1994Trapped in Paradise
9.1%
1984Birdy
8.7%
1994Red Rock West
8.6%
1984The Cotton Club
7.2%
2002Sonny
7%
1993Deadfall
6.2%
1990Fire Birds
5.9%
1991Zandalee
5.6%
1984Racing With the Moon
5.6%
1986The Boy in Blue
5.1%
1998Welcome to Hollywood
4.7%
1991Tempo Di Uccidere
4.3%
1988Never on Tuesday
4.1%

From the Vault

Mis-Matched NFL Team Names

by SporcleEXP

Sports 2m
Isn't mismatching a fine in the NFL?
Remove Ads.
Support Sporcle.
Get the best of Sporcle when you Go Orange. This ad-free experience offers more features, more stats, and more fun while also helping to support Sporcle. Thank you for becoming a member.

Show Comments

Extras

Top Quizzes Today


Score Distribution

Your Account Isn't Verified!

In order to create a playlist on Sporcle, you need to verify the email address you used during registration. Go to your Sporcle Settings to finish the process.

Report this User

Report this user for behavior that violates our Community Guidelines.

Details: